000 00596nam a2200241 a 4500
001 nice12345678
003 IN_TiNIC
005 20260116012615.0
008 050524s1948 lona grp 000 0 eng
020 _a
_c100
082 0 0 _a262.91
_bSPC
245 _aLambeth Conference
_b Encyclical Letter from the Bishops
260 _aLondon
_bSpck
_c1948
300 _a120p
500 _aincludes index and biblioraphy
505 2 _aIndex, Hymns
650 _aEncyclicals-Bishops
650 _aLambeth Conference 1948
710 2 _aSpck
902 _bSRS
942 _cBK
999 _c7649
_d7649